| 000 | 00570nam a2200241Ia 4500 | ||
|---|---|---|---|
| 008 | 210210b2008 xxu||||| |||| 00| 0 eng d | ||
| 020 | _a0074635573 | ||
| 041 | _aeng | ||
| 082 | _a001.6424V CORV | ||
| 100 | _aCORNELL (Gary) | ||
| 245 | _aVisual basic 6 from the ground up | ||
| 260 |
_aNew Delhi _bTata McGraw-Hill Publishing Company Ltd. _c2008 |
||
| 300 | _axxvii,932 | ||
| 650 | _aVisual | ||
| 650 | _aup | ||
| 650 | _athe | ||
| 650 | _aground | ||
| 650 | _afrom | ||
| 650 | _abasic | ||
| 650 | _a6 | ||
| 690 | _aComputer Science | ||
| 906 | _a063494 | ||
| 999 |
_c136050 _d136050 |
||